[Event "Azerbaijan Championship 2022"]
[Site "Nakhchivan"]
[Date "2022.02.13"]
[Round "9.4"]
[White "Shahaliyev, Ismayil"]
[Black "Ibrahimli, Murad"]
[Result "1/2-1/2"]
[WhiteElo "2380"]
[BlackElo "2418"]
[Annotator "TA"]
[PlyCount "143"]
[EventDate "2022.02.05"]
[EventCountry "AZE"]
[SourceTitle "playchess.com"]
[Source "ChessBase"]
[SourceQuality "1"]

{[%evp 17,143,13,9,10,26,0,0,18,47,47,35,13,24,15,27,0,0,0,12,12,31,20,15,29,36,20,20,0,64,50,54,10,13,7,8,-7,0,-6,-6,-39,-33,-36,-12,-16,-28,-16,-28,-28,-8,-48,-48,-50,-28,-32,-28,-33,-19,-21,0,0,0,0,0,0,0,0,44,45,43,37,54,54,52,47,47,0,55,0,47,35,42,38,35,27,45,27,48,0,0,0,0,0,0,0,0,0,0,0,0,0,0,0,0,0,0,0,0,0,0,0,0,0,0,0,0,0,0,0,0,0,0,0,0,0,0,0,0,0]} 1. d4 Nf6 2. c4 e6 3. g3 d5 4. Nf3 Bb4+ 5. Bd2 Be7 6. Bg2 O-O 7. O-O Nbd7 8. Qc2 c6 9. Bf4 a5 10. Rd1 {The main line 10.Rd1 scores better than 10.Nbd2. E08: Closed Catalan: Main Line: 7 Qc2.} a4 11. Nc3 Qa5 12. Ne5 {[#]} Nb6 $146 ({Predecessor:} 12... Nxe5 13. dxe5 Nd7 14. cxd5 exd5 15. e4 dxe4 16. Bxe4 h6 17. Bd2 Qa6 18. Bd3 b5 {½-½ (27) Postny,E (2619)-Mareco,S (2606) Baku 2016}) 13. c5 Nbd7 14. e4 Nxe5 15. Bxe5 ({But not} 15. dxe5 Nd7 $15) 15... Ng4 $1 16. Bd6 Bxd6 17. cxd6 dxe4 18. Nxe4 Qd8 19. Nc5 {[%cal Od6d7]} Qxd6 20. Nxa4 Rd8 21. Nc5 {[%cal Ba4c5,Bc5e4,Be4g5][%mdl 32]} Nh6 22. Ne4 Qc7 (22... Qe7 $11) 23. Ng5 $1 $14 {White is more active.} g6 24. h4 (24. Ne4 $14) 24... Qe7 25. Qc5 Nf5 26. Be4 Qd6 {[%cal Rf5d4]} 27. Nf3 Ra4 {[%cal Ra4d4]} 28. Bxf5 exf5 29. b3 Ra8 (29... Qxc5 $2 30. dxc5 Rxd1+ 31. Rxd1 $18) (29... Ra3 {seems wilder.} 30. Ng5 Ra8 31. Nh3 Be6 32. Nf4 Bd5) 30. Qxd6 Rxd6 31. d5 {Inhibits Be6.} cxd5 32. Nd4 Bd7 {[%cal Of5f4]} 33. f4 Rda6 34. Rd2 Rc8 35. Re1 Kf8 36. Kf2 Be6 37. Ree2 Rc1 38. Rc2 Rh1 39. Rc7 Rh2+ 40. Ke3 Rxe2+ 41. Nxe2 $11 {[%mdl 4096] Endgame KRB-KRN} d4+ (41... Rxa2 $11 42. Rxb7 Ke8) 42. Nxd4 $14 Bd5 43. Rc5 Be4 44. a4 {[%cal Og3g4]} Bg2 45. Rc2 Bd5 46. Rc5 Bg2 47. Rc2 Bd5 48. Rc8+ Kg7 49. Rd8 Bg2 50. Kd3 Kh6 51. Rd7 Rf6 52. a5 (52. Ke2 $14) 52... b6 $1 $11 {The position is equal.} 53. axb6 Rxb6 54. Kc4 Kh5 55. b4 {[%cal Bb3b4,Bb4b5,Bb5b6,Bb6b7][%mdl 32]} Kg4 56. b5 ({Reject} 56. Rxf7 Rb7 57. Rf8 (57. Rxb7 Bxb7 58. Kc5 Kxg3 $17) 57... Rc7+ 58. Kb5 Bf1+ 59. Ka5 (59. Kb6 Rc4 $15) 59... Rd7 $17) 56... Kxg3 {[#] Hoping for ...Rb7.} 57. Kc5 $1 Rb8 58. Nc6 Rc8 59. Kd6 Kxf4 60. Rc7 Ra8 {[#] And now ...Kg3 would win.} 61. b6 Kg3 62. b7 Bxc6 63. Kxc6 {KR-KR} Rb8 {aiming for ...f4.} 64. Rxf7 h5 65. Rg7 Kxh4 {Threatens to win with ...g5.} 66. Rxg6 f4 {[%cal Bf5f4,Bf4f3,Bf3f2][%mdl 32]} 67. Kc7 Rxb7+ 68. Kxb7 f3 69. Kc6 f2 70. Rf6 Kg3 {White must now prevent ...h4.} 71. Rg6+ Kf3 (71... Kh2 $5 72. Rf6 Kg1 73. Rg6+ Kh2 $11) 72. Rf6+ {Weighted Error Value: White=0.08 (flawless) /Black=0.07 (flawless)} 1/2-1/2

[Event "Azerbaijan Championship 2022"]
[Site "Nakhchivan"]
[Date "2022.02.13"]
[Round "9.5"]
[White "Safarli, Eltaj"]
[Black "Mamedov, Nidjat"]
[Result "1-0"]
[WhiteElo "2597"]
[BlackElo "2604"]
[Annotator "TA"]
[PlyCount "72"]
[EventDate "2022.02.05"]
[EventCountry "AZE"]
[SourceTitle "playchess.com"]
[Source "ChessBase"]
[SourceQuality "1"]

{[%evp 11,72,7,0,6,0,0,0,0,0,0,0,0,0,1,4,8,7,0,0,0,0,0,0,0,33,34,29,47,118,109,120,123,110,112,137,137,142,154,153,62,60,43,31,44,62,32,299,301,408,406,475,477,360,422,29984,29985,29985,29986,29974,29975,12835,6531,6531]} 1. e4 e5 2. Nf3 Nc6 3. Bb5 {[%cal Bf1b5,Bb5a4,Ba4b3,Bb3d5][%mdl 32]} a6 4. Ba4 Nf6 5. Nc3 b5 6. Bb3 Be7 7. a4 $1 {[%mdl 4] is now more promising than 7.d3. C77: Ruy Lopez: 3...a6 4 Ba4 Nf6, unusual lines.} b4 8. Nd5 O-O 9. Nxf6+ {The position is equal.} Bxf6 10. Bd5 {[%cal Od2d4]} Bb7 11. O-O {[%cal Od2d4]} d6 {[#]} 12. d3 $146 ({Predecessor:} 12. c3 Qb8 13. d4 Ne7 14. Bxb7 Qxb7 15. dxe5 Bxe5 16. cxb4 Qxe4 {½-½ (16) Ivanovic,B (2438)-Pinter,J (2526) Saint Vincent 2005}) 12... Rb8 13. Be3 Nd4 14. Bxd4 {Hoping for Bxb7.} Bxd5 15. exd5 {Ba7 is the strong threat.} exd4 16. Nd2 Qd7 17. Qf3 {Inhibits Qf5.} Rfe8 18. b3 Re5 19. Rae1 Rd8 (19... Rf5 $14 20. Qh3 Qc8) 20. Nc4 $16 Rf5 21. Qe4 h5 22. f4 Kf8 23. Qf3 c6 24. Nb6 (24. dxc6 Qc7 $16) 24... Qc7 {[#]} 25. Qe4 $1 {White is more active.} g6 $14 26. a5 $36 {[%mdl 2048] Black is under pressure.} Kg7 27. g3 cxd5 28. Qg2 {Threatens to win with h3.} ({Reject} 28. Nxd5 Qxc2 29. Nxf6 Rxf6 $15) (28. Qe2 $5 {[%cal Rh2h3]} Rh8 29. h3 $14) 28... Qc5 $2 {[%mdl 8192] [#] Black cannot hold the game after this.} ({Black should play} 28... Qc6 $1 $14) 29. h3 $1 $18 g5 (29... Qxa5 $2 {[#]} 30. g4 $1 $18) 30. fxg5 Rxg5 31. Qf3 Rg6 32. Nxd5 Be5 {[#]} (32... Qc6 $18 33. Re7 (33. Qxh5 $2 Rxg3+ 34. Kh2 Rh8 $19) 33... Qa8) 33. Rxe5 $1 {[%mdl 512]} dxe5 34. Qxf7+ Kh6 {[#]} 35. Rf6 $1 Rxf6 36. Qxf6+ Kh7 {Weighted Error Value: White=0.05 (flawless) /Black=0.50} 1-0

[Event "Azerbaijan Championship 2022"]
[Site "Nakhchivan"]
[Date "2022.02.13"]
[Round "9.6"]
[White "Manafov, Vugar"]
[Black "Babazada, Khazar"]
[Result "1/2-1/2"]
[WhiteElo "2299"]
[BlackElo "2427"]
[Annotator "TA"]
[PlyCount "52"]
[EventDate "2022.02.05"]
[EventCountry "AZE"]
[SourceTitle "playchess.com"]
[Source "ChessBase"]
[SourceQuality "1"]

{[%evp 14,52,29,31,30,31,44,30,37,33,24,11,8,4,45,49,45,46,58,23,34,0,41,32,71,17,46,33,90,77,85,45,97,-4,77,0,89,0,98,0,71]} 1. d4 d5 2. c4 c6 3. Nf3 Nf6 4. Qc2 g6 5. e3 Bg7 6. Nc3 O-O 7. Be2 a6 8. O-O Bf5 {D10: Slav Defence: 3 cxd5 (without early Nf3) and 3 Nc3.} 9. Qb3 Ra7 10. cxd5 cxd5 {White has an edge.} 11. Ne5 {[#]} Nc6 $146 ({Predecessor:} 11... Ne4 12. Nxe4 Bxe4 13. Bd2 Nd7 14. Nxd7 Qxd7 15. Rfc1 Raa8 16. f3 Bf5 17. Rc5 Be6 {½-½ (26) Mihajlovskij,S (2466)-Shimanov,A (2441) St Petersburg 2008}) 12. Nxc6 bxc6 13. Bd2 {[%cal Bc1d2,Bd2c3,Bc3d4][%mdl 32]} Nd7 (13... Re8 $11 {deserves consideration.}) 14. Na4 $14 e5 15. dxe5 Nxe5 16. Rfc1 Re8 17. Nc5 Qh4 (17... Nd7 $11) 18. Bc3 Bg4 19. Qd1 (19. Bxe5 $16 Bxe5 {[#]} 20. g3 $1) 19... h5 20. h3 Bf5 (20... Bxe2 $14 21. Qxe2 a5) 21. Bd4 (21. Bxa6 Rxa6 22. Nxa6 Bxh3 23. Bxe5 (23. gxh3 $2 Qxh3 24. Nc7 Re7 $19) 23... Bxe5 $17) 21... Rae7 22. Bf1 Bg4 23. Be2 ({White should play} 23. Qa4 $16) 23... Bf5 (23... Bxe2 $11 24. Qxe2 g5) 24. Bf1 Bg4 $1 25. Be2 ({Better is} 25. Qa4 $16) 25... Bf5 (25... Bxe2 $11 {remains equal.} 26. Qxe2 g5) 26. Bf1 Bg4 $1 {Weighted Error Value: White=0.31/Black=0.31} 1/2-1/2

[Event "Azerbaijan Championship 2022"]
[Site "Nakhchivan"]
[Date "2022.02.13"]
[Round "9.7"]
[White "Hasanzade, Toghrul"]
[Black "Ilyasli, Ughur"]
[Result "0-1"]
[WhiteElo "2292"]
[BlackElo "2310"]
[Annotator "NA"]
[PlyCount "80"]
[EventDate "2022.02.05"]
[EventCountry "AZE"]
[SourceTitle "playchess.com"]
[Source "ChessBase"]
[SourceQuality "1"]
[TimeControl "40/5400+30:1800+30"]

1. e4 {[%emt 0:00:03]} c5 {[%emt 0:01:40]} 2. Nf3 {[%emt 0:00:21]} d6 {[%emt 0:00:24]} 3. d4 {[%emt 0:00:08]} cxd4 {[%emt 0:00:03]} 4. Nxd4 {[%emt 0:00:04]} Nf6 {[%emt 0:00:07]} 5. Nc3 {[%emt 0:00:04]} a6 {[%emt 0:00:06]} 6. h3 {[%emt 0:00:37]} e5 {[%emt 0:03:24]} 7. Nde2 {[%emt 0:00:13]} h5 {[%emt 0:04:42]} 8. Bg5 {[%emt 0:00:15]} Be7 {[%emt 0:01:08]} 9. Bxf6 {[%emt 0:00:12]} Bxf6 {[%emt 0:00:07]} 10. Nd5 {[%emt 0:00:08]} Bg5 {[%emt 0:01:34]} 11. h4 {[%emt 0:08:59]} Bh6 {[%emt 0:02:11]} 12. Qd3 {[%emt 0:03:47]} Nc6 {[%emt 0:01:02]} 13. g3 {[%emt 0:00:56]} Be6 {[%emt 0:10:46]} 14. f4 $15 {[%emt 0:08:12]} Rc8 {[%emt 0:10:08]} 15. c3 {[%emt 0:09:00]} Ne7 {[%emt 0:12:52]} 16. Bh3 {[%emt 0:19:49]} Bxh3 {[%emt 0:01:38]} 17. Rxh3 {[%emt 0:00:53]} Nxd5 {[%emt 0:00:11]} 18. Qxd5 {[%emt 0:00:39]} Qd7 {[%emt 0:03:56]} 19. Rh1 {[%emt 0:02:06]} Rc5 {[%emt 0:01:07]} 20. Qd3 {[%emt 0:01:21]} Qc6 {[%emt 0:01:03]} 21. Rd1 {[%emt 0:12:52]} O-O {[%emt 0:02:56]} 22. f5 {[%emt 0:08:05]} Rc4 {[%emt 0:00:14]} 23. Qxd6 {[%emt 0:07:05]} Qxe4 {[%emt 0:03:30]} 24. Rf1 {[%emt 0:00:38]} Ra4 {[%emt 0:08:07]} 25. Qd5 {[%emt 0:12:56]} Qxd5 {[%emt 0:01:02]} 26. Rxd5 {[%emt 0:00:01]} Rxa2 {[%emt 0:00:00]} 27. Rxe5 {[%emt 0:00:16]} Rxb2 {[%emt 0:00:19]} 28. Kf2 {[%emt 0:00:36]} Rd8 {[%emt 0:00:59]} 29. Ra1 {[%emt 0:01:14]} f6 {[%emt 0:00:19]} 30. Re4 {[%emt 0:00:44]} Rd5 {[%emt 0:00:05]} 31. Raa4 {[%emt 0:00:57]} Rxf5+ {[%emt 0:00:09]} 32. Kg2 {[%emt 0:00:03]} Rd5 {[%emt 0:01:00]} 33. Rac4 {[%emt 0:00:38]} Rdd2 {[%emt 0:01:46]} 34. Kf3 {[%emt 0:00:32]} Rd3+ {[%emt 0:01:50]} 35. Kf2 {[%emt 0:00:01]} a5 {[%emt 0:01:17]} 36. Re7 {[%emt 0:02:51]} b5 {[%emt 0:00:24]} 37. Rc8+ {[%emt 0:00:14]} Kh7 {[%emt 0:00:05]} 38. g4 {[%emt 0:00:25]} hxg4 {[%emt 0:00:15]} 39. h5 {[%emt 0:00:15]} Rf3+ {[%emt 0:00:13]} 40. Kg2 {[%emt 0:00:00]} Be3 {[%emt 0:00:00]} 0-1

[Event "Azerbaijan Championship 2022"]
[Site "Nakhchivan"]
[Date "2022.02.13"]
[Round "9.8"]
[White "Sevdimaliyev, Urfan"]
[Black "Abbasov, Farid"]
[Result "1/2-1/2"]
[WhiteElo "2359"]
[BlackElo "2527"]
[Annotator "TA"]
[PlyCount "33"]
[EventDate "2022.02.05"]
[EventCountry "AZE"]
[SourceTitle "playchess.com"]
[Source "ChessBase"]
[SourceQuality "1"]

{[%evp 12,33,9,16,31,2,17,8,11,8,11,13,10,6,6,8,7,0,0,0,12,0,0,0]} 1. e4 e5 2. Nf3 Nc6 3. Bb5 Nf6 4. O-O {[%cal Bh1f1,Bf1e1,Be1e5][%mdl 32]} Nxe4 5. Re1 Nd6 6. Nxe5 Be7 7. Bf1 Nf5 {C67: Ruy Lopez: Berlin Defence: 4 0-0 Nxe4.} 8. c3 Nxe5 $1 {The position is equal.} 9. Rxe5 d6 10. Re1 O-O 11. d4 d5 12. Bf4 Bd6 13. Qf3 {[#]} Nh4 $146 ({Predecessor:} 13... Bxf4 14. Qxf4 Qd6 15. Qxd6 Nxd6 16. Bd3 c6 17. Nd2 Bf5 18. Bxf5 Nxf5 19. Re5 Nd6 20. Rae1 Rfe8 21. Rxe8+ Rxe8 22. Rxe8+ Nxe8 23. Nb3 Nd6 {½-½ (30) Kuzubov,Y (2660)-Inarkiev,E (2684) Ankara 2018}) 14. Qg3 Nf5 15. Qf3 Nh4 16. Qg3 Nf5 17. Qf3 {Not much happened in this game.  Weighted Error Value: White=0.05 (flawless) /Black=0.02 (flawless)} 1/2-1/2

[Event "Azerbaijan Championship 2022"]
[Site "Nakhchivan"]
[Date "2022.02.13"]
[Round "9.9"]
[White "Gasimov, Parviz"]
[Black "Bayramov, Zaur"]
[Result "1/2-1/2"]
[WhiteElo "2379"]
[BlackElo "2357"]
[Annotator "ChessBase"]
[PlyCount "113"]
[EventDate "2022.02.05"]
[EventCountry "AZE"]
[SourceTitle "playchess.com"]
[Source "ChessBase"]
[SourceQuality "1"]
[TimeControl "40/5400+30:1800+30"]

1. e4 {[%emt 0:00:03]} c5 {[%emt 0:00:04]} 2. Nf3 {[%emt 0:00:11]} d6 {[%emt 0:00:05]} 3. d4 {[%emt 0:04:10]} cxd4 {[%emt 0:00:06]} 4. Qxd4 {[%emt 0:00:34]} a6 {[%emt 0:00:13]} 5. h3 {[%emt 0:00:06]} Nc6 {[%emt 0:00:21]} 6. Qe3 {[%emt 0:00:07]} Nf6 {[%emt 0:00:31]} 7. c4 {[%emt 0:01:25]} g6 {[%emt 0:00:42]} 8. Be2 {[%emt 0:01:47]} Bg7 {[%emt 0:00:14]} 9. O-O {[%emt 0:00:11]} O-O {[%emt 0:00:06]} 10. Nc3 {[%emt 0:00:52]} Rb8 {[%emt 0:01:56]} 11. Rd1 {[%emt 0:03:26]} Qc7 {[%emt 0:02:16]} 12. Bd2 {[%emt 0:04:42]} Nd7 {[%emt 0:04:47]} 13. Nd5 {[%emt 0:06:56]} Qd8 {[%emt 0:00:11]} 14. Bc3 {[%emt 0:01:41]} Bxc3 {[%emt 0:04:58]} 15. Nxc3 {[%emt 0:09:25]} b6 {[%emt 0:05:09]} 16. Nd5 {[%emt 0:10:15]} f6 {[%emt 0:03:46]} 17. Nd4 {[%emt 0:04:57]} Nxd4 {[%emt 0:01:31]} 18. Qxd4 {[%emt 0:00:32]} Bb7 {[%emt 0:03:08]} 19. b4 {[%emt 0:08:12]} a5 {[%emt 0:03:36]} 20. a3 {[%emt 0:01:19]} axb4 {[%emt 0:18:49]} 21. axb4 {[%emt 0:00:10]} Ra8 {[%emt 0:02:05]} 22. Rxa8 {[%emt 0:10:06]} Bxa8 {[%emt 0:00:08]} 23. Bg4 {[%emt 0:06:55]} Ne5 {[%emt 0:10:40]} 24. Be6+ {[%emt 0:03:22]} Kg7 {[%emt 0:00:35]} 25. f4 {[%emt 0:02:49]} Nc6 {[%emt 0:00:51]} 26. Qe3 {[%emt 0:01:08]} Qb8 {[%emt 0:05:18]} 27. Nxb6 {[%emt 0:04:44]} Qa7 {[%emt 0:05:22]} 28. b5 {[%emt 0:01:35]} Na5 {[%emt 0:05:23]} 29. c5 {[%emt 0:01:30]} dxc5 {[%emt 0:00:26]} 30. Nd7 {[%emt 0:02:56]} Rd8 {[%emt 0:00:34]} 31. Ra1 {[%emt 0:00:47]} Qc7 {[%emt 0:02:21]} 32. b6 {[%emt 0:04:18]} Qd6 {[%emt 0:01:34]} 33. f5 {[%emt 0:01:04]} Rxd7 {[%emt 0:08:30]} 34. Bxd7 {[%emt 0:01:32]} Nc4 {[%emt 0:00:16]} 35. Qe1 {[%emt 0:03:20]} Nxb6 {[%emt 0:01:55]} 36. Rd1 {[%emt 0:00:45]} Qe5 {[%emt 0:00:35]} 37. Be6 {[%emt 0:00:06]} g5 {[%emt 0:08:00]} 38. Rd8 {[%emt 0:00:27]} Bxe4 {[%emt 0:00:41]} 39. Qe2 {[%emt 0:00:48]} Qa1+ {[%emt 0:01:34]} 40. Rd1 {[%emt 0:00:00]} Qe5 {[%emt 0:00:00]} 41. Re1 {[%emt 0:10:19]} Qd4+ {[%emt 0:01:39]} 42. Kh1 {[%emt 0:05:38]} Bd3 {[%emt 0:02:06]} 43. Qh5 {[%emt 0:04:01]} Qf2 {[%emt 0:01:06]} 44. Rg1 {[%emt 0:00:21]} Be4 {[%emt 0:02:52]} 45. Qe8 {[%emt 0:05:51]} Bxg2+ {[%emt 0:04:19]} 46. Rxg2 {[%emt 0:00:07]} Qe1+ {[%emt 0:00:18]} 47. Kh2 {[%emt 0:03:59]} Qe5+ {[%emt 0:00:09]} 48. Rg3 {[%emt 0:00:25]} Qe2+ {[%emt 0:00:16]} 49. Kh1 {[%emt 0:00:11]} Qf1+ {[%emt 0:00:28]} 50. Kh2 {[%emt 0:00:03]} Qe2+ {[%emt 0:00:06]} 51. Rg2 {[%emt 0:01:04]} Qe5+ {[%emt 0:00:07]} 52. Kh1 {[%emt 0:00:53]} Qe1+ {[%emt 0:00:13]} 53. Rg1 {[%emt 0:00:04]} Qe4+ {[%emt 0:00:15]} 54. Kh2 {[%emt 0:00:04]} Qe2+ {[%emt 0:00:21]} 55. Kg3 {[%emt 0:01:04]} Qe3+ {[%emt 0:00:18]} 56. Kh2 {[%emt 0:00:07]} Qe2+ {[%emt 0:00:07]} 57. Rg2 {[%emt 0:01:37]} 1/2-1/2

[Event "Azerbaijan Championship 2022"]
[Site "Nakhchivan"]
[Date "2022.02.13"]
[Round "9.10"]
[White "Mustafayev, Farid"]
[Black "Mammadov, Sadig"]
[Result "1-0"]
[WhiteElo "2322"]
[BlackElo "2220"]
[Annotator "TA"]
[PlyCount "79"]
[EventDate "2022.02.05"]
[EventCountry "AZE"]
[SourceTitle "playchess.com"]
[Source "ChessBase"]
[SourceQuality "1"]

{[%evp 9,79,0,20,9,10,7,1,8,19,11,26,17,13,13,14,18,8,14,12,10,18,2,14,13,10,14,17,31,27,19,35,28,84,62,82,90,91,80,248,251,237,262,231,228,234,229,242,215,455,241,458,452,410,371,701,706,602,706,631,672,1861,1681,1988,1767,29990,29991,29991,29992,29992,29993,29993,29994]} 1. d4 d5 2. Nf3 Nf6 3. Bf4 e6 4. e3 Bd6 5. Ne5 a6 6. Bd3 {D02: 1 d4 d5 2 Nf3 sidelines, including 2...Nf6 3 g3 and 2...Nf6 3 Bf4.} c5 7. c3 Qc7 8. Nd2 {The position is equal.} Nc6 {[%cal Rc6e5]} 9. Ndf3 h6 {[#]} 10. Rc1 $146 ({Predecessor:} 10. Qe2 g5 11. Bg3 g4 12. Nxc6 bxc6 13. Ne5 h5 14. f4 c4 15. Bc2 Bb7 16. Bh4 {1-0 (28) Ferreira,R (1950)-Barata,C (1800) Barra de Sao Miguel 2019}) 10... Nd7 11. Nxc6 bxc6 12. Bxd6 Qxd6 13. e4 O-O 14. O-O a5 15. e5 Qb8 16. Qe2 Qb6 17. Bb1 Re8 18. Qc2 {Strongly threatening Qh7+.} Nf8 {Inhibits Qh7+.} 19. dxc5 Qxc5 20. Rfd1 {[%cal Bf1d1,Bd1d4,Bd4g4][%mdl 32]} Ba6 {[#]} (20... Re7 $11) 21. Rd4 $1 $16 Qe7 22. Qd2 Ra7 23. Rg4 {aiming for Qxh6. White is more active.} f5 $2 {Black cannot hold the game after this.} (23... Kh8 $16) 24. exf6 $1 $18 Qxf6 25. Rf4 Qd8 26. Ne5 Rb7 27. Re1 {[%cal Bc1e1,Be1e5,Be5c5,Bc5c7][%mdl 32]} ({Inferior is} 27. Nxc6 Qc7 28. Nd4 e5 29. Rxf8+ (29. Re1 Rbb8 $17) 29... Kxf8 $15) 27... c5 28. Qc2 d4 $2 {[#]} (28... Qd6 29. b3 Rc7) 29. c4 (29. Rxf8+ $142 $1 {[%mdl 512]} Kxf8 30. Qh7) 29... Qg5 $2 (29... Qd6 {is a better defense.} 30. b3 Rc7) 30. g3 Reb8 31. h4 Qxe5 $2 (31... Qd8 32. b3 Qd6 33. Rxf8+ Kxf8) 32. Rxe5 Rxb2 33. Qd3 Rxb1+ 34. Kh2 {[%cal Bg1h2,Bh2h3,Bh3g4][%mdl 32]} R8b2 35. Rxc5 Bb7 36. Kh3 e5 {[#]} 37. Rxf8+ $1 {White mates.} Kxf8 38. Qf5+ Kg8 39. Rc7 Rh1+ 40. Kg4 {Weighted Error Value: White=0.11 (very precise) /Black=0.46} 1-0

[Event "Azerbaijan Championship 2022"]
[Site "Nakhchivan"]
[Date "2022.02.13"]
[Round "9.11"]
[White "Atakishiyev, Elmar"]
[Black "Eynullayev, Atilla"]
[Result "0-1"]
[WhiteElo "2240"]
[BlackElo "2324"]
[Annotator "ChessBase"]
[PlyCount "113"]
[EventDate "2022.02.05"]
[EventCountry "AZE"]
[SourceTitle "playchess.com"]
[Source "ChessBase"]
[SourceQuality "1"]
[TimeControl "40/5400+30:1800+30"]

1. d4 {[%emt 0:00:01]} Nf6 {[%emt 0:00:05]} 2. c4 {[%emt 0:00:05]} e6 {[%emt 0:00:05]} 3. g3 {[%emt 0:00:05]} d5 {[%emt 0:00:04]} 4. Nf3 {[%emt 0:00:10]} Be7 {[%emt 0:00:09]} 5. Bg2 {[%emt 0:00:11]} O-O {[%emt 0:00:06]} 6. O-O {[%emt 0:00:56]} dxc4 {[%emt 0:00:05]} 7. Qa4 {[%emt 0:00:07]} a6 {[%emt 0:00:18]} 8. Qxc4 {[%emt 0:00:08]} b5 {[%emt 0:00:05]} 9. Qc2 {[%emt 0:00:03]} Bb7 {[%emt 0:00:04]} 10. Bd2 {[%emt 0:00:08]} Be4 {[%emt 0:00:05]} 11. Qc1 {[%emt 0:00:17]} c6 {[%emt 0:00:08]} 12. a4 {[%emt 0:00:38]} Nbd7 {[%emt 0:00:05]} 13. Bf4 {[%emt 0:07:46]} Rc8 {[%emt 0:04:53]} 14. Nbd2 {[%emt 0:00:38]} Bd5 {[%emt 0:00:25]} 15. axb5 {[%emt 0:08:22]} axb5 {[%emt 0:02:17]} 16. Qb1 {[%emt 0:15:19]} c5 {[%emt 0:01:23]} 17. e4 {[%emt 0:07:50]} Bb7 {[%emt 0:05:52]} 18. e5 {[%emt 0:08:33]} Nd5 {[%emt 0:00:41]} 19. Ne4 {[%emt 0:05:55]} Nxf4 {[%emt 0:08:00]} 20. gxf4 {[%emt 0:00:10]} h6 {[%emt 0:09:02]} 21. Ra7 {[%emt 0:12:47]} Bd5 {[%emt 0:05:56]} 22. Rd1 {[%emt 0:05:23]} Ra8 {[%emt 0:03:55]} 23. Rxa8 {[%emt 0:02:57]} Qxa8 {[%emt 0:00:23]} 24. Ne1 {[%emt 0:02:11]} c4 {[%emt 0:07:10]} 25. Ng3 {[%emt 0:02:12]} g6 {[%emt 0:05:03]} 26. Qc2 {[%emt 0:03:02]} Rc8 {[%emt 0:10:54]} 27. Bxd5 {[%emt 0:07:22]} Qxd5 {[%emt 0:00:12]} 28. Ng2 {[%emt 0:00:04]} Qf3 {[%emt 0:05:38]} 29. Re1 {[%emt 0:06:33]} Nb6 {[%emt 0:02:17]} 30. Re3 {[%emt 0:00:37]} Qa8 {[%emt 0:01:46]} 31. f5 {[%emt 0:00:51]} Nd5 {[%emt 0:15:46]} 32. fxg6 {[%emt 0:01:32]} Nxe3 {[%emt 0:00:05]} 33. gxf7+ {[%emt 0:00:11]} Kxf7 {[%emt 0:00:07]} 34. Nxe3 {[%emt 0:02:56]} Kg7 {[%emt 0:05:00]} 35. d5 {[%emt 0:00:40]} Bc5 {[%emt 0:03:38]} 36. Ng4 {[%emt 0:01:14]} Qxd5 {[%emt 0:02:02]} 37. Nf6 {[%emt 0:00:12]} Qd3 {[%emt 0:01:26]} 38. Qc1 {[%emt 0:00:22]} Qf3 {[%emt 0:01:23]} 39. Qc2 {[%emt 0:00:43]} Qxf2+ {[%emt 0:00:28]} 40. Qxf2 {[%emt 0:00:00]} Bxf2+ {[%emt 0:00:00]} 41. Kxf2 {[%emt 0:00:04]} Ra8 {[%emt 0:04:40]} 42. Ne2 {[%emt 0:04:04]} Ra2 {[%emt 0:01:15]} 43. Ne8+ {[%emt 0:00:25]} Kf8 {[%emt 0:09:31]} 44. Nc7 {[%emt 0:08:47]} Rxb2 {[%emt 0:00:45]} 45. Nxe6+ {[%emt 0:00:05]} Ke7 {[%emt 0:00:05]} 46. N6d4 {[%emt 0:00:34]} b4 {[%emt 0:00:23]} 47. Ke3 {[%emt 0:00:10]} b3 {[%emt 0:02:13]} 48. e6 {[%emt 0:07:34]} Ra2 {[%emt 0:02:36]} 49. Nc3 {[%emt 0:01:25]} b2 {[%emt 0:00:55]} 50. Ke4 {[%emt 0:02:00]} Ra3 {[%emt 0:05:49]} 51. Nde2 {[%emt 0:04:06]} Ra1 {[%emt 0:00:20]} 52. Kd5 {[%emt 0:00:45]} b1=Q {[%emt 0:00:37]} 53. Nxb1 {[%emt 0:00:05]} Rxb1 {[%emt 0:00:06]} 54. Kxc4 {[%emt 0:02:45]} Kxe6 {[%emt 0:00:11]} 55. h3 {[%emt 0:00:52]} Ke5 {[%emt 0:00:42]} 56. Kd3 {[%emt 0:00:29]} Rb3+ {[%emt 0:00:17]} 57. Nc3 {[%emt 0:00:06]} 0-1

[Event "Azerbaijan Championship 2022"]
[Site "Nakhchivan"]
[Date "2022.02.13"]
[Round "9.12"]
[White "Babayev, Talib"]
[Black "Bayramov, Elvin"]
[Result "0-1"]
[WhiteElo "2256"]
[BlackElo "2280"]
[Annotator "TA"]
[PlyCount "44"]
[EventDate "2022.02.05"]
[EventCountry "AZE"]
[SourceTitle "playchess.com"]
[Source "ChessBase"]
[SourceQuality "1"]

{[%evp 13,44,5,10,0,33,-77,-73,-77,-77,-206,0,0,0,0,0,0,-2,-249,-250,-460,-473,-1238,-1245,-2583,-2447,-1964,-1902,-29982,-29983,-29982,-12837,-29986,-5373]} 1. c4 e5 2. Nc3 Nc6 3. Nf3 Nf6 4. e4 Bc5 5. Nxe5 Nxe5 6. d4 Bb4 7. dxe5 Nxe4 $1 8. Qf3 {is currently scoring better than 8.Qd4. A28: English Opening: Four Knights Variation.} f5 9. Qxf5 (9. exf6 O-O $1 10. Be2 (10. Qxe4 $2 Re8 $19) (10. f7+ $2 Rxf7 11. Qxe4 Re7 $19) 10... Qxf6 $1 11. Qxf6 Rxf6 $15) (9. Bd3 $14 {stays ahead.}) 9... d5 $1 $17 {[#]} (9... Nxc3 $6 10. a3 Ba5 11. Bd2 $11) 10. e6 $146 {[%csl Ge6][%cal Rf5f7] Black is better.} ({Predecessor:} 10. Qh5+ g6 11. Qh6 Nxc3 12. Bd2 Bf8 13. Qf4 Ne4 14. O-O-O Be7 15. e6 Rf8 16. Qe5 Nxd2 17. Rxd2 {0-1 (32) Schmidt,R-Matthaei,A (2290) Cologne 1992}) 10... Rf8 {Inhibits Qf7+.} 11. Qxd5 (11. Qh5+ $17 g6 12. Qe5 (12. Qxh7 $2 Qf6 $19)) 11... Qf6 $2 {Chess con chili.} 12. Qxe4 $11 (12. Qb5+ $2 c6 13. Qh5+ (13. Qxb4 $2 Qxf2+ 14. Kd1 Bxe6 $19) 13... g6 $19) 12... Bxc3+ 13. bxc3 Qxc3+ 14. Kd1 $1 Qxa1 15. Bd3 $2 {[#]} (15. c5 $1 $11) 15... Rf6 $1 $19 ({Inferior is} 15... Qxa2 16. Qxh7 Bxe6 17. Qg6+ Kd7 18. Qxg7+ Rf7 19. Qd4+ Ke8 20. Re1 Qa4+ 21. Kd2 Qa5+ 22. Kd1 Qa4+ 23. Kd2 Qa5+ 24. Kd1 Qa4+ $11) ({Weaker is} 15... Rxf2 16. Re1 g6 17. c5 $17 (17. e7 $2 Bf5 $19)) 16. Qxh7 $2 (16. Re1 {was necessary.} Rxe6 17. Qf4) 16... Bxe6 {Hoping for ...0-0-0.} 17. Bg6+ (17. Qh5+ $142 Kf8 18. Re1) 17... Kf8 18. Re1 Rd8+ 19. Bd3 Qc3 20. Re3 {[#]} Rxf2 $1 21. Ba3+ (21. Qh8+ Bg8) 21... Qxa3 22. Ke1 {[#]} Rf6 {Weighted Error Value: White=1.65/Black=0.15 (very precise)} (22... Rf5 $142 $3 {[%mdl 512]} 23. Qh8+ Bg8 24. Qh4 Qc1+ 25. Ke2 Qb2+ 26. Ke1 Qc1+ 27. Ke2 Qf1+ 28. Kd2 Rf2+ 29. Qxf2+ Qxf2+ 30. Re2 Qd4 31. Re3 Bxc4 32. Ke2 Bxd3+ 33. Kf3 Kg8 34. h4 Rf8+ 35. Kg3 Qxe3+ 36. Kh2 Rf4 37. g3 Rf2+ 38. Kh3 Bf5#) 0-1